So sánh hiệu quả tài chính của mô hình trồng bưởi truyền thống và bưởi thâm canh tại huyện Kế Sách, tỉnh Sóc Trăng : Luận văn tốt nghiệp Cao học ngành: Phát triển Nông thôn

Đề tài "So sánh hiệu quả tài chính của mô hình trồng bưởi truyền thống và bưởi thâm canh tại huyện Kế Sách, tỉnh Sóc Trăng" nhằm so sánh hiệu quả tài chính giữa hai mô hình và các yếu tố ảnh hưởng đến mô hình, từ đó đề xuấ...

Full description

Saved in:
Bibliographic Details
Main Author: Nguyễn, Trương Hữu Thoại
Format: Book
Language:Undetermined
Published: Cần Thơ Trường Đại học Cần Thơ 2020
Subjects:
Tags: Add Tag
No Tags, Be the first to tag this record!
Institutions: Trung tâm Học liệu Trường Đại học Cần Thơ
LEADER 01778nam a2200217Ia 4500
001 CTU_239116
008 210402s9999 xx 000 0 und d
082 |a 338.16 
082 |b Th404 
088 |a 8620116 
100 |a Nguyễn, Trương Hữu Thoại 
245 0 |a So sánh hiệu quả tài chính của mô hình trồng bưởi truyền thống và bưởi thâm canh tại huyện Kế Sách, tỉnh Sóc Trăng : 
245 0 |b Luận văn tốt nghiệp Cao học ngành: Phát triển Nông thôn 
245 0 |c Nguyễn Trương Hữu Thoại ; Nguyễn Kim Quyên (cán bộ hướng dẫn ) 
260 |a Cần Thơ 
260 |b Trường Đại học Cần Thơ 
260 |c 2020 
520 |a Đề tài "So sánh hiệu quả tài chính của mô hình trồng bưởi truyền thống và bưởi thâm canh tại huyện Kế Sách, tỉnh Sóc Trăng" nhằm so sánh hiệu quả tài chính giữa hai mô hình và các yếu tố ảnh hưởng đến mô hình, từ đó đề xuất các giải phát phát triển kinh tế cho nông hộ. Số liệu thu nhập từ 30 hộ trồng truyền thống và 30 hộ trồng thâm canh. Kết quả T-test cho thấy hiệu quả đồng vốn ở mô hình truyèn thống là 3,67 và thâm canh là 2,87. Phân tích hồi quy cho thấy tuổi, kinh nghiệm, tập huấn và giá bán ảnh hưởng đến mô hình. 
650 |a Agriculture,Nông nghiệp 
650 |x Economic aspects,Khía cạnh kinh tế 
980 |a Trung tâm Học liệu Trường Đại học Cần Thơ